| 000 | 00544nam a2200205 4500 | ||
|---|---|---|---|
| 001 | 66 | ||
| 005 | 20181127160240.0 | ||
| 010 | 0 | 0 | _a |
| 020 | 0 | 0 | _a0070669074 |
| 090 | 0 | 0 | _a005.133 B1713o 2008 |
| 100 | 0 | 0 | _aBalagurusamy, E. |
| 245 | 0 | 0 |
_aObject oriented programming with C++ _b _c _h |
| 250 | 0 | 0 | _a4th |
| 260 | 0 | 0 |
_aNew Delhi ; _bTata McGraw-Hill, _c2008 |
| 300 | 0 | 0 | _axvi, 637 p. : ill. ; 23 cm |
| 500 | 0 | 0 | _a |
| 650 | 0 | 0 |
_aC++ (Computer program language) _x |
| 650 | 0 | 0 |
_aObject-oriented programming (Computer science) _x |
| 650 | 0 | 0 |
_aTurbo C++ _x |
| 999 |
_c54 _d54 |
||